Normal view
MARC view
- ROBERT SIEGEL
Entry Personal Name
001 - CONTROL NUMBER
- control field: 83040
003 - CONTROL NUMBER IDENTIFIER
- control field: NUST
005 - DATE AND TIME OF LATEST TRANSACTION
- control field: 20211012115615.0
008 - FIXED-LENGTH DATA ELEMENTS
- fixed length control field: 211012|| aca||aabn | a|a d
040 ## - CATALOGING SOURCE
- Original cataloging agency: NUST
- Transcribing agency: NUST
100 ## - HEADING--PERSONAL NAME
- Personal name: ROBERT SIEGEL
670 ## - SOURCE DATA FOUND
- Source citation: Work cat.: (NUST): Robert Siegel and John Howell 83038, Thermal Radiation Heat Transfer /, 2002.
